000 00656nam a2200241Ia 4500
003 OSt
005 20220926042133.0
006 a|||||r|||| 00| 0
007 ta
008 220923b |||||||| |||| 00| 0 eng d
037 _cGeneral Book
040 _aRTL
_cRTL
_beng
041 _2eng
_aeng
082 _aU, J7
100 _aWhite Langdon
_9345848
245 0 _aCollege geography
_b Natural environment and human s
260 _c1957
490 _aCentury earth science series
650 _aGeography
700 _a Renner George T
_9345849
942 _hU, J7
_cGB
_2CC
999 _c668941
_d668941